| 000 | 00000nas 2200000za 4500 |
| 001 | 9.503189 |
| 003 | CaOODSP |
| 005 | 20221107133231 |
| 007 | cr ||||||||||| |
| 008 | 150406d19962016oncar p o f0 b0fre|d |
| 022 | |a1493-5279 |
| 040 | |aCaOODSP|bfre |
| 043 | |an-cn--- |
| 086 | 1 |aH126-1F-PDF|zH46-4/2F-PDF |
| 130 | 0 |a Rapport de ... sur les radioexpositions professionnelles au Canada (En ligne) |
| 222 | 0|aRapport de ... sur les radioexpositions professionnelles au Canada |b(En ligne) |
| 245 | 10|aRapport de ... sur les radioexpositions professionnelles au Canada |h[ressource électronique]. |
| 260 | |aOttawa : |bSanté Canada |
| 310 | |aAnnuel |
| 362 | 1 |aParaît depuis 1996 ; ne paraît plus après 2016. |
| 500 | |aPublié aussi en anglais sous le titre : Report on occupational radiation exposures in Canada. |
| 515 | |aLes livraisons de 2009-2016 n'ont pas été publié. |
| 550 | |aPublieĢ 1996-1999 par le Bureau de la radioprotection; 2000-2016 par la Direction générale de la santé environnementale et de la sécurité des consommateurs. |
| 691 | 07|aMaladie du travail|2gcpds |
| 691 | 07|aRayonnement|2gcpds |
| 691 | 07|aSanté au travail|2gcpds |
| 710 | 1 |aCanada. |bSanté Canada.|bDirection générale de la santé environnementale et de la sécurité des consommateurs. |
| 710 | 1 |aCanada.|bBureau de la radioprotection. |
| 775 | 08|tReport on occupational radiation exposures in Canada.|w(CaOODSP)9.506794 |
| 780 | 00|tRadioexpositions professionnelles au Canada |w(CaOODSP)9.503187 |
| 785 | 00|tRapport de ... sur l’exposition professionnelle aux rayonnements au Canada.|w(CaOODSP)9.845724 |